00671nam a2200157Ia 4500008004100000100002100041245017200062245003700234260005300271260001300324300000800337650001500345856006100360999001900421952007300440170221s9999 xx 000 0 und d aOlga Astaf’eva aFeatures of Formation and Realization of Resource Saving Measures Complex Aimed to Solve Social, Ecological and Economic Problems of the Russian Construction Industry  cOlga Astaf’eva, Irina Potapova bInternational Review of Management and Marketing cMay 2014 a3:2 xMarketing. uhttp://www.econjournals.com/index.php/irmm/issue/view/70 c310149d310149 001040aCLbCLd2017-02-21l0r2017-02-21 00:00:00w2017-02-21yFOJ